|
|
|
|
| LEADER |
01527nam a2200325 a 4500 |
| 001 |
597071 |
| 008 |
090810s1992 nyu b 001 0 eng d |
| 010 |
|
|
|a 91011038
|
| 020 |
|
|
|a 0070279659 :
|c $16.95
|
| 040 |
|
|
|a DLC
|c DLC
|d DLC
|
| 082 |
0 |
0 |
|a 301
|2 20
|
| 245 |
0 |
0 |
|a Contemporary issues in Society /
|c edited by Hugh F. Lena, William B. Helmreich, William McCord.
|
| 260 |
|
|
|a New York :
|b McGraw-Hill,c
|c 1992.
|
| 300 |
|
|
|a xx, 556 p. ;
|c 24 cm.
|
| 504 |
|
|
|a Includes bibliographical references and index.
|
| 541 |
1 |
|
|e 00007607
|
| 650 |
|
0 |
|a Sociology.
|
| 650 |
|
0 |
|a Interpersonal relations.
|
| 650 |
|
0 |
|a Equality.
|
| 650 |
|
0 |
|a Social institutions.
|
| 650 |
|
0 |
|a Human ecology.
|
| 700 |
1 |
|
|a Lena, Hugh F.
|
| 700 |
1 |
|
|a Helmreich, William B.
|
| 700 |
1 |
|
|a McCord, William J.
|
| 852 |
4 |
|
|a Ayesha Abed Library
|j General Shelf.
|
| 999 |
|
|
|c 3403
|d 3403
|
| 952 |
|
|
|0 0
|1 0
|2 ddc
|4 0
|6 301_CON_199200000000000
|7 0
|9 3089
|a BRACUL
|b BRACUL
|c GEN
|d 2009-09-01
|g 0.00
|l 1
|o 301 CON
|p 3010007607
|r 2018-05-20
|s 2018-05-15
|t 1
|w 2009-09-01
|y BK
|x No price found in the accession register.
|
| 952 |
|
|
|0 0
|1 0
|2 ddc
|4 0
|6 301_000000000000000_CON
|7 0
|9 24160
|a SCL
|b SCL
|c GEN
|d 2002-03-17
|l 0
|o 301 CON
|p 3020003734
|r 2014-04-21
|t 2
|w 2014-04-21
|y BK
|
| 952 |
|
|
|0 0
|1 0
|2 ddc
|4 0
|6 301_000000000000000_CON
|7 0
|9 24234
|a SCL
|b SCL
|c GEN
|d 2002-03-27
|l 0
|o 301 CON
|p 3020003735
|r 2014-04-27
|t 3
|w 2014-04-27
|y BK
|
| 952 |
|
|
|0 0
|1 0
|2 ddc
|4 0
|6 301_000000000000000_CON
|7 0
|9 54237
|a SCL
|b SCL
|c GEN
|d 2015-06-10
|e Gift: The Asia Foundation
|l 0
|o 301 CON
|p 3020005546
|r 2015-06-10
|t 4
|w 2015-06-10
|y BK
|